Statistics for The 100 (TV Show) Ultimate Quiz

Click here to take the quiz!

General Stats

  • This quiz has been taken 1,060 times
  • The average score is 34 of 50

Answer Stats

QuestionAnswer% Correct
Who stabbed and killed Finn Collins?Clarke Griffin
97%
How many FULL seasons was he alive?4
96%
Who shot and killed Lincoln?Charles Pike
94%
Who shot Raven and caused her to become impaired?John Murphy
94%
Who was the commander of Polis, who also had a relationship with Clarke?Lexa
94%
Who was the first chancellor on the Ark?Thelonious Jaha
94%
How many chancellors did we receive throughout the show?5 (Jaha, Diana, Abby, Kane, and Pike)
93%
Who is the Bloodreina?Octavia Blake
92%
Who did Raven sleep with to get over Finn?Bellamy Blake
91%
Who massacred a grounder village causing him to die?Finn Collins
90%
How many years did Bellamy, Echo, Monty, Harper, Emori, Murphy, and Raven stay in Space?6
86%
Who did Bellamy have a relationship with on the Ring during that?Echo
86%
Who is the grounder that saved Octavia and became a friend of all and member of Arkadia?Lincoln
86%
Who is the current one? (Season 5)Marcus Kane
86%
Is Diyoza's baby a boy or girl?Girl
85%
Who was speared by a grounder but survived in Season 1?Jasper Jordan
84%
Who died that made Jasper go crazy?Maya Vie
84%
How did Lexa die?Shot
84%
Who took Octavia under their wing and taught her how to be a warrior?Indra
82%
Who is portrayed by Paige Turco?Abby Griffin
81%
How many people per clan were allowed in the bunker?100
80%
Where was "the chip" that Jaha was distributing suppose to take you?City of Light
80%
Who was forced to stay behind on the Ring, while the others went back to Earth?Raven Reyes
80%
Throughout Season 2, who was Clarke and the others determined to take down?Mount Weather
77%
Who did Clarke think turned in her father until it was later confirmed that it was Abby?Wells Jaha
77%
Who was the King of Azgeda?King Roan
75%
By who?Titus
74%
Who is the pilot of Eligius?Miles Shaw
73%
After Clarke took down ALIE and the City of Light, what was coming that would destroy the Earth?Praimfaya
72%
Who is ALIE's creator?Becca
71%
Who came to the rescue and helped Jasper blow up the bridge?Monty Green
71%
Who did Octavia kill to win the Conclave for the bunker?Luna
68%
What is Azgeda?Ice Nation
67%
Who is Miller's new boyfriend?Eric Jackson
62%
Who did Monty kill to save Octavia?Hannah Green (his mom)
61%
What famous singer made an appearence on the show and sang a song?Shawn Mendes
61%
Who is portrayed by Chelsey Reist?Harper McIntyre
60%
Arkadia was originally called what?Camp Jaha
57%
What were Lincoln's last words?May We Meet Again
56%
What was the name of the deadly rain that occurred days leading up to Praimfaya?Black Rain
55%
What does Bloodreina mean?Red Queen
46%
Who was his son?Cage Wallace
38%
What were Finn's last words?Thanks, Princess
37%
Who did Clarke shoot and kill in Mount Weather?Dante Wallace
34%
CHALLENGE QUESTION: Who was portrayed by Rhiannon Fish?Ontari
34%
Who is Miller's ex boyfriend?Bryan
31%
Who brought Octavia back to Arkadia after she was stabbed by Echo and fell of a cliff?Ilian
29%
Who is the little boy that Jaha had to protect in the bunker?Ethan Hardy
23%
What did ALIE force her to do which made Abby take the chip?Slit her wrists
13%
What were Jaha's last words?Take Me to Wells
7%

Score Distribution

Percentile by Number Answered

Percent of People with Each Score

Your Score History

You have not taken this quiz